000 00478nmm a2200181Ia 4500
008 251105s9999||||xx |||||||||||||||||und||
041 _aspa
100 _aLuz, Alicia
245 0 _a¡Doctor, sexo por favor!
264 _a[Madrid, España] :
_bSaga Egmont,
_c2020
300 _a19 páginas
490 _aLUST
650 _aErotic novel
700 _aLuz, Alicia
700 1 _a Nuñez, Cymbeline
856 _uhttps://public.digitaliapublishing.com/a/99691
942 _cCF
999 _c68105
_d68105